[Event "Nancy Meurthe rapid"]
[Site "Nancy"]
[Date "2017.02.19"]
[Round "8"]
[White "Potrel, Manu"]
[Black "Fridman, Daniel"]
[Result "0-1"]
[WhiteElo "2156"]
[BlackElo "2594"]
[PlyCount "48"]
[EventDate "2017.02.19"]
[EventType "swiss (rapid)"]
[EventRounds "9"]
[EventCountry "FRA"]
[SourceTitle "CBM 176 Extra"]
[Source "ChessBase"]
[SourceDate "2017.03.02"]
[SourceVersion "1"]
[SourceVersionDate "2017.03.02"]
[SourceQuality "1"]

1. e4 c6 2. d4 d5 3. Nd2 dxe4 4. Nxe4 Bf5 5. Ng3 Bg6 6. h4 h6 7. Nf3 e6 8. Ne5 Bh7 9. Bd3 Bxd3 10. Qxd3 Nd7 11. f4 Be7 12. Nh5 Bxh4+ 13. g3 Bf6 14. Bd2 Qc7 15. 0-0-0 Ne7 16. g4 Rd8 17. Qe4 c5 18. g5 Bxe5 19. fxe5 Nf5 20. gxh6 gxh6 21. Bc3 cxd4 22. Bxd4 Nxd4 23. Rxd4 Qxe5 24. Rxd7 Qg5+ 0-1

[Event "Paris-ch op-B"]
[Site "Paris"]
[Date "2009.07.09"]
[Round "6"]
[White "Potrel, Manu"]
[Black "Heng, Jim"]
[Result "0-1"]
[WhiteElo "1792"]
[BlackElo "1675"]
[PlyCount "54"]
[EventDate "2009.07.04"]
[EventType "swiss"]
[EventRounds "9"]
[EventCountry "FRA"]
[SourceTitle "EXT 2010"]
[Source "ChessBase"]
[SourceDate "2010.11.25"]
[SourceVersion "1"]
[SourceVersionDate "2010.11.25"]
[SourceQuality "1"]

1. f4 e5 2. fxe5 d6 3. exd6 Bxd6 4. Nf3 Nf6 5. d4 Ng4 6. Bg5 f6 7. Bh4 Bf5 8. Qd2 g5 9. Bf2 Qe7 10. e3 Bf4 11. Ke2 0-0 12. Nc3 Re8 13. Nd5 Qe6 14. c4 c6 15. Nxf4 gxf4 16. d5 Qe4 17. Qd4 Qc2+ 18. Qd2 Qxd2+ 19. Nxd2 fxe3 20. Bh4 exd2+ 21. Kxd2 Nd7 22. Be2 cxd5 23. Rhf1 Ne3 24. Rf3 d4 25. Bf2 Nc5 26. Bxe3 dxe3+ 27. Rxe3 Rad8+ 0-1

[Event "Paris-ch op-B"]
[Site "Paris"]
[Date "2009.07.07"]
[Round "4"]
[White "Bacani, Ricardo"]
[Black "Potrel, Manu"]
[Result "0-1"]
[WhiteElo "1898"]
[BlackElo "1792"]
[PlyCount "86"]
[EventDate "2009.07.04"]
[EventType "swiss"]
[EventRounds "9"]
[EventCountry "FRA"]
[SourceTitle "EXT 2010"]
[Source "ChessBase"]
[SourceDate "2010.11.25"]
[SourceVersion "1"]
[SourceVersionDate "2010.11.25"]
[SourceQuality "1"]

1. e4 d6 2. d4 Nf6 3. Bd3 g6 4. Nf3 Bg7 5. 0-0 0-0 6. Bg5 Bg4 7. Nbd2 Nc6 8. h3 Bd7 9. c3 Re8 10. Re1 h6 11. Bh4 g5 12. Bg3 e5 13. Rc1 a6 14. Bb1 Nh7 15. Qc2 Nf8 16. Nb3 Ng6 17. d5 Nce7 18. Nfd2 f5 19. f3 f4 20. Bf2 h5 21. c4 b6 22. Red1 Kf7 23. Qd3 Rh8 24. Qe2 Qc8 25. Rc3 Rh6 26. Kf1 g4 27. fxg4 hxg4 28. hxg4 Bxg4 29. Nf3 Rh1+ 30. Bg1 Nh4 31. Kf2 Bf6 32. Nbd2 Qh8 33. Rdc1 Rg8 34. Nh2 Nxg2 35. Nxg4 Rxg4 36. Nf3 Ne3 37. Rxe3 fxe3+ 38. Qxe3 Qh3 39. Ke2 Rg3 40. b4 Qg2+ 41. Qf2 Ng6 42. Rf1 Nf4+ 43. Ke1 Rxf3 0-1